00685nam a2200205 a 450000100060000000300080000600500170001400800410003103500190007204000340009104100080012508200250013310000270015824501080018526000300029330000510032350400190037460000530039365100330044628140BD-RjUL20211209051237.0140329s1951 enka 000 0beng d a(BD-RjUL)28221 aADFAbengcADFAdNUNdBD-RjUL aeng14a964.02219bBLB 19511 aBlunt, Wilfrid,d1901-10aBlack sunrise :bthe life and times of Mulai Ismail, Emperor of Morocco, 1646-1727 /cby Wilfrid Blunt. aLondon :bMethuen,c1951. a294 p., [16] leaves of plates :bill. ;c22cm. aIncludes Index10aIsma`il, Mulai,cEmperor of Morocco,d1646-1727. 0aMoroccoxHistoryy1516-1830.